USA Men's Basketball - Every Player from 1992-Current - Statistics

General Stats
  • This quiz has been taken 15 times
  • The average score is 66 of 108
Answer Stats
Hint Answer % Correct
2020 Keldon Johnson
100%
2008 | 2012 Kobe Bryant
100%
1992 Magic Johnson
100%
2024 Stephen Curry
100%
2008 | 2012 Chris Paul
92%
2004 | 2008 | 2012 | 2024 LeBron James
92%
1992 Michael Jordan
92%
1996 Shaquille O'Neal
92%
2024 Anthony Edwards
85%
2016 DeAndre Jordan
85%
2016 Jimmy Butler
85%
2012 | 2016 | 2020 | 2024 Kevin Durant
85%
1992 Larry Bird
85%
2012 | 2024 Anthony Davis
77%
2004 | 2008 | 2012 | 2016 Carmelo Anthony
77%
2020 | 2024 Devin Booker
77%
1992 | 1996 John Stockton
77%
1992 Patrick Ewing
77%
1992 | 1996 Scottie Pippen
77%
1992 | 1996 Charles Barkley
69%
1992 Christian Laettner
69%
1992 | 1996 David Robinson
69%
2008 | 2012 Deron Williams
69%
2024 Derrick White
69%
2016 | 2020 Draymond Green
69%
2004 | 2008 Dwayne Wade
69%
2020 | 2024 Jayson Tatum
69%
2024 Joel Embiid
69%
1992 | 1996 Karl Malone
69%
2016 Klay Thompson
69%
2016 Kyrie Irving
69%
2004 Tim Duncan
69%
2024 Tyrese Haliburton
69%
1996 Anfernee Hardaway
62%
2008 Chris Bosh
62%
1992 Clyde Drexler
62%
2020 Damian Lillard
62%
1996 | 2000 Gary Payton
62%
1996 Hakeem Olajuwon
62%
2000 | 2008 Jason Kidd
62%
2000 Kevin Garnett
62%
1996 Reggie Miller
62%
2012 Russell Westbrook
62%
2000 Steve Smith
62%
2000 Tim Hardaway
62%
2004 Allen Iverson
54%
2000 Alonzo Mourning
54%
1992 Chris Mullin
54%
2008 Dwight Howard
54%
2012 James Harden
54%
2020 | 2024 Jrue Holiday
54%
2016 Paul George
54%
2000 Ray Allen
54%
2004 Amare Stoudemire
46%
2016 DeMar DeRozan
46%
1996 Grant Hill
46%
2016 Kyle Lowry
46%
2000 Vince Carter
46%
2012 Andre Iguodala
38%
2020 | 2024 Bam Adebayo
38%
2016 DeMarcus Cousins
38%
2020 Jerami Grant
38%
2012 Kevin Love
38%
2020 Khris Middleton
31%
2008 Michael Redd
31%
2004 Richard Jefferson
31%
2004 Shawn Marion
31%
2004 Stephon Marbury
31%
2008 Tayshaun Prince
31%
2000 Allan Houston
23%
2004 | 2008 Carlos Boozer
23%
2000 Vin Baker
23%
2000 Antonio McDyess
15%
2016 Harrison Barnes
15%
2004 Lamar Odom
15%
1996 Mitch Richmond
15%
2000 Shareef Abdur-Rahim
15%
2012 Tyson Chandler
15%
2020 Zach LaVine
15%
2004 Emeka Okafor
0%
2020 JaVale McGee
0%
No matching quizzes found
Score Distribution
Percent of People with Each Score
Percentile by Number Answered
Your Score History
You have not taken this quiz